[Event "POL-chT 1st League"]
[Site "Leba"]
[Date "2023.09.26"]
[Round "4.3"]
[White "Derylo, Kamil"]
[Black "Bartel, Michal"]
[Result "1/2-1/2"]
[WhiteElo "2126"]
[BlackElo "2252"]
[PlyCount "34"]
[EventDate "2023.09.23"]
[EventType "team-swiss"]
[EventRounds "9"]
[EventCountry "POL"]
[SourceTitle "EXT 2024"]
[Source "ChessBase"]
[SourceDate "2023.10.10"]
[SourceVersion "1"]
[SourceVersionDate "2023.10.10"]
[SourceQuality "1"]
[WhiteTeam "Chylice Laura"]
[BlackTeam "Wrzos Miedzyborow"]
[WhiteTeamCountry "POL"]
[BlackTeamCountry "POL"]

1. e4 d5 2. exd5 Qxd5 3. Nf3 Nf6 4. d4 Bg4 5. Be2 c6 6. 0-0 e6 7. c4 Qa5 8. Be3 Nbd7 9. Nc3 Bd6 10. c5 Bxf3 11. Bxf3 Bb8 12. g3 0-0 13. Qc2 Nd5 14. Nxd5 exd5 15. Rfe1 Qd8 16. Bg4 Nf6 17. Bg5 h6 1/2-1/2

[Event "POL-chT 1st League"]
[Site "Leba"]
[Date "2023.09.25"]
[Round "3.6"]
[White "Derylo, Kamil"]
[Black "Wojdak, Jan"]
[Result "0-1"]
[WhiteElo "2126"]
[BlackElo "2188"]
[PlyCount "108"]
[EventDate "2023.09.23"]
[EventType "team-swiss"]
[EventRounds "9"]
[EventCountry "POL"]
[SourceTitle "EXT 2024"]
[Source "ChessBase"]
[SourceDate "2023.10.10"]
[SourceVersion "1"]
[SourceVersionDate "2023.10.10"]
[SourceQuality "1"]
[WhiteTeam "Chylice Laura"]
[BlackTeam "Rybnik"]
[WhiteTeamCountry "POL"]
[BlackTeamCountry "POL"]

1. d4 e6 2. c4 d5 3. Nf3 a6 4. e3 Nf6 5. b3 Bd6 6. Nbd2 b6 7. Bd3 Bb7 8. 0-0 Nbd7 9. Bb2 Ne4 10. cxd5 exd5 11. Ne5 0-0 12. Rc1 Qe7 13. Qc2 Ndf6 14. Rfd1 Nxd2 15. Rxd2 c5 16. a4 h6 17. Qd1 Rfd8 18. Qe2 Ne4 19. Rdc2 f6 20. Nf3 f5 21. Ne5 Bxe5 22. dxe5 Qf7 23. h4 a5 24. Qe1 Rac8 25. Bb5 Qg6 26. f3 Ng3 27. Kh2 Nh5 28. Bd3 Qe6 29. g4 fxg4 30. fxg4 Qxg4 31. Be2 Qg6 32. Qg1 Qe4 33. Qg4 d4 34. Qxe4 Bxe4 35. Bxh5 Bxc2 36. Rxc2 dxe3 37. Kg3 Rd2 38. Rxd2 exd2 39. Kf4 c4 40. bxc4 Rxc4+ 41. Ke3 Rxa4 42. e6 Kf8 43. Kxd2 Ke7 44. Bf7 b5 45. h5 Rg4 46. Kd3 a4 47. Bd4 a3 48. Bc5+ Kf6 49. Bb6 a2 50. Bd8+ Kf5 51. e7 Rg3+ 52. Ke2 a1Q 53. Be6+ Ke4 54. e8N Rg2# 0-1

[Event "POL-chT 1st League"]
[Site "Leba"]
[Date "2023.09.24"]
[Round "2.8"]
[White "Zurkowski, Andrzej1111"]
[Black "Derylo, Kamil"]
[Result "1/2-1/2"]
[WhiteElo "1985"]
[BlackElo "2126"]
[PlyCount "22"]
[EventDate "2023.09.23"]
[EventType "team-swiss"]
[EventRounds "9"]
[EventCountry "POL"]
[SourceTitle "EXT 2024"]
[Source "ChessBase"]
[SourceDate "2023.10.10"]
[SourceVersion "1"]
[SourceVersionDate "2023.10.10"]
[SourceQuality "1"]
[WhiteTeam "Debica Gryf"]
[BlackTeam "Chylice Laura"]
[WhiteTeamCountry "POL"]
[BlackTeamCountry "POL"]

1. d4 d5 2. c4 e6 3. Nc3 c5 4. cxd5 exd5 5. dxc5 d4 6. Ne4 Qd5 7. Nd6+ Bxd6 8. cxd6 Qxd6 9. e3 Nc6 10. Nf3 Nf6 11. exd4 0-0 1/2-1/2

[Event "Warsaw Szansa rapid op"]
[Site "Warsaw"]
[Date "2023.09.17"]
[Round "5"]
[White "Kosakowski, Jakub"]
[Black "Derylo, Kamil"]
[Result "1-0"]
[WhiteElo "2494"]
[BlackElo "2126"]
[PlyCount "65"]
[EventDate "2023.09.17"]
[EventType "swiss (rapid)"]
[EventRounds "9"]
[EventCountry "POL"]
[SourceTitle "EXT 2024"]
[Source "ChessBase"]
[SourceDate "2023.10.10"]
[SourceVersion "1"]
[SourceVersionDate "2023.10.10"]
[SourceQuality "1"]

1. e4 e5 2. Nf3 Nc6 3. Bb5 a6 4. Ba4 Nf6 5. 0-0 Nxe4 6. d4 exd4 7. Re1 d5 8. Nxd4 Bd6 9. Nxc6 Bxh2+ 10. Kh1 Qh4 11. Rxe4+ dxe4 12. Qd8+ Qxd8 13. Nxd8+ Kxd8 14. Kxh2 Be6 15. Be3 f5 16. Nc3 Ke7 17. Rd1 Kf7 18. Bf4 Rad8 19. Rxd8 Rg8 20. Bxc7 Rxd8 21. Bb6 Rd2 22. Bd4 g5 23. Be3 Rd6 24. Bxg5 b5 25. Bb3 Bxb3 26. axb3 Rc6 27. b4 Ke6 28. Be3 Ke5 29. g3 Rc8 30. Kg2 Rc4 31. Kf1 Rxb4 32. b3 Kd6 33. Na2 1-0

[Event "Warsaw Maciei Memorial"]
[Site "Warsaw"]
[Date "2023.07.10"]
[Round "7"]
[White "Derylo, Kamil"]
[Black "Wieckowski, Kamil"]
[Result "0-1"]
[WhiteElo "2126"]
[BlackElo "1384"]
[PlyCount "76"]
[EventDate "2023.07.10"]
[EventType "swiss (blitz)"]
[EventRounds "11"]
[EventCountry "POL"]
[SourceTitle "CBM 215 Extra"]
[Source "ChessBase"]
[SourceDate "2023.09.30"]
[SourceVersion "1"]
[SourceVersionDate "2023.09.30"]
[SourceQuality "1"]

1. e4 e5 2. Nf3 Nc6 3. Bc4 Bc5 4. c3 Qf6 5. 0-0 Nge7 6. d3 h6 7. a4 a6 8. Be3 Ba7 9. Bxa7 Nxa7 10. Nbd2 Nac6 11. Re1 d6 12. Nf1 Be6 13. Qb3 Na5 14. Qa2 Nxc4 15. dxc4 0-0 16. b3 a5 17. Ne3 c6 18. Rad1 Rad8 19. Qd2 Nc8 20. Qc2 g5 21. Nd2 Qg6 22. Nf5 Rfe8 23. Re3 d5 24. Ng3 dxc4 25. Nxc4 Bxc4 26. bxc4 Rxd1+ 27. Qxd1 Qe6 28. Nf5 Ne7 29. Nxe7+ Qxe7 30. Rh3 Kg7 31. Qb1 Rd8 32. g3 Rd7 33. Kg2 Qc5 34. Qe1 Qxc4 35. Qe3 Rd3 36. Qb6 Qxe4+ 37. f3 Rd2+ 38. Kh1 Qxf3+ 0-1

[Event "Suwalki Warakomska Memorial 5th"]
[Site "Suwalki"]
[Date "2021.07.29"]
[Round "4"]
[White "Lach, Aleksandra"]
[Black "Derylo, Kamil"]
[Result "1/2-1/2"]
[WhiteElo "2183"]
[BlackElo "2062"]
[PlyCount "93"]
[EventDate "2021.07.27"]
[EventType "swiss"]
[EventRounds "9"]
[EventCountry "POL"]
[SourceTitle "CBM 203 Extra"]
[Source "ChessBase"]
[SourceDate "2021.09.30"]
[SourceVersion "1"]
[SourceVersionDate "2021.09.30"]
[SourceQuality "1"]

1. e4 c6 2. Nc3 d5 3. Nf3 dxe4 4. Nxe4 Nf6 5. Qe2 Nxe4 6. Qxe4 Nd7 7. Bc4 Nf6 8. Ne5 e6 9. Qe2 Be7 10. c3 0-0 11. d4 Nd5 12. 0-0 Qc7 13. Bd3 c5 14. dxc5 Qxc5 15. Rd1 Bd6 16. Nc4 Bc7 17. Qh5 f5 18. a4 e5 19. b4 Qe7 20. Bg5 Qe8 21. Qxe8 Rxe8 22. Na3 Be6 23. Bxf5 Nxc3 24. Bxe6+ Rxe6 25. Rd7 Rc8 26. Nb5 Nxb5 27. axb5 Bb6 28. Rxb7 Rc4 29. Be3 Rxb4 30. Bxb6 Rxb6 31. Rbxa7 R4xb5 32. f3 Rb7 33. Rxb7 Rxb7 34. Ra5 Re7 35. Ra4 Kf7 36. Kf2 Rb7 37. g4 Rb6 38. h4 Kf6 39. Ra7 Rc6 40. Kg3 Rc3 41. Ra6+ Kf7 42. Kf2 Rb3 43. g5 e4 44. fxe4 Rh3 45. Kg2 Rxh4 46. Kf3 Rh1 47. Kf4 1/2-1/2

[Event "Warsaw Maciei Memorial"]
[Site "Warsaw"]
[Date "2021.07.09"]
[Round "5"]
[White "Derylo, Kamil"]
[Black "Pacan Milej, Kosma"]
[Result "0-1"]
[WhiteElo "2062"]
[BlackElo "2421"]
[PlyCount "102"]
[EventDate "2021.07.09"]
[EventType "swiss (blitz)"]
[EventRounds "11"]
[EventCountry "POL"]
[SourceTitle "CBM 203 Extra"]
[Source "ChessBase"]
[SourceDate "2021.09.30"]
[SourceVersion "1"]
[SourceVersionDate "2021.09.30"]
[SourceQuality "1"]

1. e4 c5 2. Nf3 Nc6 3. Bb5 g6 4. 0-0 Bg7 5. c3 Nf6 6. Re1 0-0 7. d4 d5 8. e5 Ne4 9. Bxc6 bxc6 10. Be3 cxd4 11. cxd4 Qb6 12. Qc1 Rb8 13. b3 Bg4 14. Nbd2 Bxf3 15. gxf3 Nxd2 16. Qxd2 Qc7 17. Bf4 e6 18. Bh6 Qe7 19. Rac1 Rbc8 20. Bg5 f6 21. exf6 Bxf6 22. Bxf6 Rxf6 23. Qe3 Qd6 24. Qe5 Qxe5 25. Rxe5 Kf7 26. Re3 Ke7 27. Kg2 Kd6 28. Rc5 Rf4 29. Ra5 Rc7 30. Ra4 Rcf7 31. Ra6 Rxd4 32. Rc3 Rc7 33. a3 Kd7 34. b4 Rc4 35. Re3 Rc2 36. h4 Rc4 37. Kg3 d4 38. Re4 Kd6 39. h5 gxh5 40. Rh4 e5 41. Re4 Rc3 42. Ra5 c5 43. Ra6+ Kd5 44. b5 c4 45. Re1 Rb3 46. a4 c3 47. f4 exf4+ 48. Kxf4 c2 49. Re5+ Kc4 50. Rc6+ Rxc6 51. bxc6 c1Q+ 0-1

[Event "POL-ch U18"]
[Site "Szklarska Poreba"]
[Date "2021.03.13"]
[Round "1"]
[White "Teclaf, Pawel"]
[Black "Derylo, Kamil"]
[Result "1-0"]
[WhiteElo "2507"]
[BlackElo "2015"]
[PlyCount "59"]
[EventDate "2021.03.13"]
[EventType "swiss"]
[EventRounds "9"]
[EventCountry "POL"]
[SourceTitle "CBM 201 Extra"]
[Source "ChessBase"]
[SourceDate "2021.05.31"]
[SourceVersion "1"]
[SourceVersionDate "2021.05.31"]
[SourceQuality "1"]

1. b3 d5 2. Bb2 Bf5 3. g3 e6 4. Bg2 Nf6 5. d3 h6 6. Nd2 Bh7 7. Ngf3 Be7 8. 0-0 0-0 9. c4 c6 10. a3 a5 11. Ra2 Nbd7 12. Qa1 b5 13. Ne5 Rc8 14. Rc1 Nxe5 15. Bxe5 Qb6 16. Rac2 c5 17. cxd5 exd5 18. a4 Rfe8 19. axb5 Qxb5 20. Nf1 Ra8 21. Ne3 a4 22. Ra2 Qd7 23. bxa4 Ra5 24. Qb1 c4 25. Bxf6 cxd3 26. Qb6 Rxa4 27. Rxa4 d2 28. Rd1 Qxa4 29. Bxe7 Rxe7 30. Rxd2 1-0

[Event "Warsaw YMCA Autumn-A 238th"]
[Site "Warsaw"]
[Date "2020.10.16"]
[Round "4"]
[White "Derylo, Kamil"]
[Black "Choroszej, Aleksander"]
[Result "1-0"]
[WhiteElo "1998"]
[BlackElo "2037"]
[PlyCount "93"]
[EventDate "2020.09.24"]
[EventType "swiss"]
[EventRounds "12"]
[EventCountry "POL"]
[SourceTitle "EXT 2022"]
[Source "ChessBase"]
[SourceDate "2021.10.06"]
[SourceVersion "1"]
[SourceVersionDate "2021.10.06"]
[SourceQuality "1"]

1. d4 g6 2. c4 Bg7 3. Nc3 d6 4. e4 Nf6 5. Be2 0-0 6. Be3 c5 7. d5 b5 8. cxb5 a6 9. bxa6 Qa5 10. Bd2 Bxa6 11. Nf3 Nbd7 12. 0-0 Rfb8 13. a4 Qb6 14. Bxa6 Qxa6 15. Nb5 Qb7 16. Qc2 Ne8 17. Bc3 Nc7 18. Nxc7 Qxc7 19. Nd2 Qb7 20. Bxg7 Kxg7 21. Nc4 Qa6 22. a5 Rb4 23. Rfc1 Rab8 24. Ra3 Ne5 25. Nxe5 dxe5 26. Qxc5 Rxe4 27. Re3 Rd4 28. Rxe5 Qd3 29. Qc3 Kf6 30. Qc7 Rxb2 31. h3 Qd2 32. Rf1 Rf4 33. Rxe7 Kg7 34. Qc5 Ra2 35. Ra7 Rd4 36. Qe7 Qf4 37. g3 Qf5 38. d6 Rdd2 39. Qe3 Rxd6 40. Ra8 Rf6 41. Qe8 Kh6 42. Qf8+ Kg5 43. f4+ Kh5 44. g4+ Kh4 45. gxf5 Kg3 46. Rc1 Rc6 47. Rc8 1-0

[Event "Ustron op-B"]
[Site "Ustron"]
[Date "2020.08.15"]
[Round "1"]
[White "Derylo, Kamil"]
[Black "Kutowski, Marcel"]
[Result "0-1"]
[WhiteElo "2096"]
[BlackElo "1844"]
[PlyCount "102"]
[EventDate "2020.08.15"]
[EventType "swiss"]
[EventRounds "9"]
[EventCountry "POL"]
[SourceTitle "EXT 2021"]
[Source "ChessBase"]
[SourceDate "2020.10.23"]
[SourceVersion "1"]
[SourceVersionDate "2020.10.23"]
[SourceQuality "1"]

1. b4 e5 2. Bb2 Bxb4 3. Bxe5 Nf6 4. Nf3 d5 5. e3 Bd6 6. c4 Bg4 7. Bb2 0-0 8. Be2 dxc4 9. Bxc4 Nbd7 10. d4 Ne4 11. Qb3 Qe7 12. a3 c5 13. Nbd2 Rab8 14. Nxe4 Qxe4 15. Bd5 Qg6 16. h3 Bxf3 17. Bxf3 cxd4 18. Bxd4 Nc5 19. Qb5 Nd3+ 20. Ke2 Rbc8 21. Qb1 Nf4+ 22. Kf1 Rc2 23. e4 Rfc8 24. g3 Nd3 25. Qb3 Nxf2 26. Bxf2 Qf6 27. Rd1 R8c3 28. Rxd6 Qxd6 29. Qa4 Rc1+ 30. Kg2 Rxh1 31. Qxa7 Rb1 32. a4 h6 33. Qa8+ Qf8 34. Qa5 Rbb3 35. Bd1 Ra3 36. Qb5 Rc1 37. Be2 Rc2 38. Bd1 Rd2 39. Bb3 Rb2 40. Bxf7+ Qxf7 41. Qxb2 Ra2 42. Qd4 Qg6 43. Qd5+ Qf7 44. Qd4 Kh7 45. e5 Qg6 46. h4 Qc6+ 47. Kg1 Rxa4 48. Qd1 Rc4 49. Kh2 Qe4 50. h5 Qxe5 51. Kg1 Qe4 0-1

[Event "Baltic Pearl op 16th"]
[Site "Lazy"]
[Date "2020.07.02"]
[Round "5"]
[White "Chylewski, Patryk"]
[Black "Derylo, Kamil"]
[Result "1/2-1/2"]
[WhiteElo "2344"]
[BlackElo "2084"]
[PlyCount "32"]
[EventDate "2020.06.28"]
[EventType "swiss"]
[EventRounds "9"]
[EventCountry "POL"]
[SourceTitle "CBM 197 Extra"]
[Source "ChessBase"]
[SourceDate "2020.09.30"]
[SourceVersion "1"]
[SourceVersionDate "2020.09.30"]
[SourceQuality "1"]

1. Nf3 d5 2. b3 Bg4 3. Bb2 Nd7 4. d4 Ngf6 5. Nbd2 e6 6. e3 Ne4 7. h3 Bh5 8. a3 Bd6 9. Be2 f5 10. g4 Bg6 11. Bd3 0-0 12. Qe2 Qe7 13. Ne5 Bxe5 14. dxe5 f4 15. Bxe4 dxe4 16. 0-0-0 f3 1/2-1/2

[Event "Warsaw YMCA Winter-A 224th"]
[Site "Warsaw"]
[Date "2020.01.31"]
[Round "4"]
[White "Derylo, Kamil"]
[Black "Szewczyk, Mariusz1111"]
[Result "0-1"]
[WhiteElo "2099"]
[BlackElo "2022"]
[PlyCount "116"]
[EventDate "2020.01.10"]
[EventType "tourn"]
[EventRounds "13"]
[EventCountry "POL"]
[SourceTitle "CBM 195 Extra"]
[Source "ChessBase"]
[SourceDate "2020.05.31"]
[SourceVersion "1"]
[SourceVersionDate "2020.05.31"]
[SourceQuality "1"]

1. d4 d5 2. c4 c6 3. cxd5 cxd5 4. Bf4 Nc6 5. e3 Qb6 6. Nc3 e6 7. Bd3 a6 8. Qe2 Nf6 9. Rc1 Bd7 10. h3 Nb4 11. Bb1 Bd6 12. Bxd6 Qxd6 13. f4 Rc8 14. Nf3 Ne4 15. Qd1 Ng3 16. Rg1 0-0 17. Kf2 Nf5 18. g4 Ne7 19. Ne5 b5 20. Qf3 f6 21. Nxd7 Qxd7 22. Kg2 Rc7 23. Rcd1 Rfc8 24. e4 dxe4 25. Nxe4 Ng6 26. Kh1 Nd5 27. Nc5 Qc6 28. Bxg6 hxg6 29. Rg2 Qd6 30. Rf2 Kf7 31. Re1 Re7 32. Re4 Nb4 33. Rfe2 Rce8 34. Rd2 a5 35. Qb3 Qd5 36. a3 f5 37. Qxd5 Nxd5 38. Re5 Nxf4 39. Nd3 Nxd3 40. Rxd3 Rb8 41. b4 axb4 42. axb4 Kf6 43. Rc3 Rd8 44. Rxb5 Rxd4 45. Kh2 Ra7 46. Rc2 Ra3 47. Rb6 Rdd3 48. g5+ Kxg5 49. Rxe6 Rxh3+ 50. Kg2 Rag3+ 51. Kf2 Rh2+ 52. Kxg3 Rxc2 53. b5 Rb2 54. b6 Rb3+ 55. Kf2 Kh5 56. Ke2 g5 57. Kd2 g4 58. Kc2 Rb5 0-1

[Event "Warsaw Przepiorka Memorial"]
[Site "Warsaw"]
[Date "2019.12.27"]
[Round "2"]
[White "Derylo, Kamil"]
[Black "Vysochin, Spartak"]
[Result "0-1"]
[WhiteElo "1999"]
[BlackElo "2512"]
[PlyCount "110"]
[EventDate "2019.12.27"]
[EventType "swiss"]
[EventRounds "9"]
[EventCountry "POL"]
[SourceTitle "CBM 194 Extra"]
[Source "ChessBase"]
[SourceDate "2020.03.31"]
[SourceVersion "1"]
[SourceVersionDate "2020.03.31"]
[SourceQuality "1"]

1. Nf3 d5 2. e3 Nf6 3. c4 c6 4. Nc3 a6 5. b3 Bf5 6. Bb2 h6 7. d4 e6 8. Bd3 Bxd3 9. Qxd3 Nbd7 10. 0-0 Be7 11. Rfd1 0-0 12. e4 dxe4 13. Nxe4 Nxe4 14. Qxe4 Nf6 15. Qe2 Qa5 16. Rd2 Ba3 17. Bxa3 Qxa3 18. h3 Rad8 19. Rad1 Rd6 20. Ne5 Qa5 21. h4 Rfd8 22. c5 Rd5 23. g4 Nh7 24. Nc4 Qc7 25. Nb6 Qf4 26. Nxd5 Rxd5 27. Rd3 Nf6 28. Qf3 Qxf3 29. Rxf3 Nxg4 30. Kg2 h5 31. Rfd3 Nh6 32. Re1 Nf5 33. Re4 g6 34. Kf1 Kf8 35. Ke1 Ke7 36. Kd2 f6 37. Kc3 g5 38. Rd2 Nxh4 39. Rde2 Kf7 40. Rxe6 Nf5 41. R6e4 h4 42. f3 Rd7 43. Rd2 Ng3 44. Re1 Rd5 45. b4 Rf5 46. Kc4 Rxf3 47. d5 cxd5+ 48. Rxd5 h3 49. Rd7+ Kg6 50. Rxb7 Rf4+ 51. Kb3 h2 52. c6 Nf1 53. c7 h1Q 54. c8Q Qd5+ 55. Ka4 Qxa2# 0-1